=LDR 00000nam 2200000 4500 =001 INLIS000000000039183 =005 20130612144830 =008 ***********************************Ind** =035 ##$$0010-061300000039183 =041 ##$$a Ind =082 ##$$a 635.64 =090 ##$$a 635.64, Fir s =100 ##$$a Firmanto, Bagus Herdy P =245 ##$$a Sukses Bertanam Terung Secara Organik, Ir.Bagus Herdy Firmanto =260 ##$$a 2011 $b Bandung =300 ##$$a 98 Hlm, 23 Cm =850 ##$$a NBPNMAT